000
00304nam a22001337a 4500
008
190304b xxu||||| |||| 00| 0 eng d
020
_a
0075576384
041
_a
eng
080
_2
3rd
_a
330.722.6
100
_a
61
101
_a
KF
245
_a
Intermediate Accounting
_c
Chasteen,L.G
942
_2
udc
_c
BK
999
_c
54405
_d
54405